Turbulence (Record no. 5373)

000 -LEADER
fixed length control field 00511nam a2200205 i 4500
001 - CONTROL NUMBER
control field 5373
003 - CONTROL NUMBER IDENTIFIER
control field BD-DhUET
008 - FIXED-LENGTH DATA ELEMENTS--GENERAL INFORMATION
fixed length control field 750220s1975 nyua b 001 0 eng
020 ## - INTERNATIONAL STANDARD BOOK NUMBER
International Standard Book Number 0070290377
040 ## - CATALOGING SOURCE
Original cataloging agency DLC
Transcribing agency DLC
Modifying agency BD-DhUET
082 00 - DEWEY DECIMAL CLASSIFICATION NUMBER
Classification number 532.56
Item number HIN/1975
100 1# - MAIN ENTRY--PERSONAL NAME
Personal name Hinze, J. O.
245 00 - TITLE STATEMENT
Title Turbulence
250 ## - EDITION STATEMENT
Edition statement 2nd ed.
260 ## - PUBLICATION, DISTRIBUTION, ETC. (IMPRINT)
Place of publication, distribution, etc. New York
Name of publisher, distributor, etc. McGraw-Hill
Date of publication, distribution, etc. 1975
300 ## - PHYSICAL DESCRIPTION
Extent x,790p.
Other physical details ill.
Dimensions 24 cm.
490 0# - SERIES STATEMENT
Series statement McGraw-Hill series in mechanical engineering
650 #0 - SUBJECT ADDED ENTRY--TOPICAL TERM
Topical term or geographic name as entry element Turbulence
942 ## - ADDED ENTRY ELEMENTS (KOHA)
Koha item type General Book
Holdings
Copy number Koha issues (times borrowed) Koha normalized classification for sorting Date acquired Not for loan Koha full call number Koha item type Sublocation or collection (holding branch) Source of classification or shelving scheme Price effective from Damaged status Lost status Shelving location Location (home branch) Withdrawn status Piece designation (barcode) Koha date last borrowed Koha date last seen
1 532_560000000000000_HIN_19752014-11-26 532.56/HIN/1975General BookCentral Library, BUET 2014-11-26  Circulation sectionCentral Library, BUET 63813 2014-11-26
2 532_560000000000000_HIN_19752014-11-26 532.56/HIN/1975General BookCentral Library, BUET 2014-11-26  Circulation sectionCentral Library, BUET 63816 2014-11-26
3 532_560000000000000_HIN_19752014-12-07 532.56/HIN/1975General BookCentral Library, BUET 2014-12-07  Circulation sectionCentral Library, BUET 44334 2014-12-07
4 532_560000000000000_HIN_19752014-12-07 532.56/HIN/1975General BookCentral Library, BUET 2014-12-07  Circulation sectionCentral Library, BUET 63807 2014-12-07
51532_560000000000000_HIN_19752014-12-07 532.56/HIN/1975General BookCentral Library, BUET 2014-12-07  Circulation sectionCentral Library, BUET 638122015-03-252015-03-29
6 532_560000000000000_HIN_19752014-12-07 532.56/HIN/1975General BookCentral Library, BUET 2014-12-07  Circulation sectionCentral Library, BUET 63805 2014-12-07
7 532_560000000000000_HIN_19752014-12-07 532.56/HIN/1975General BookCentral Library, BUET 2014-12-07  Circulation sectionCentral Library, BUET 63810 2014-12-07
8 532_560000000000000_HIN_19752014-12-07 532.56/HIN/1975General BookCentral Library, BUET 2014-12-07  Circulation sectionCentral Library, BUET 63808 2014-12-07
9 532_560000000000000_HIN_19752014-12-07 532.56/HIN/1975General BookCentral Library, BUET 2014-12-07  Circulation sectionCentral Library, BUET 63809 2014-12-07
101532_560000000000000_HIN_19752014-12-07 532.56/HIN/1975General BookCentral Library, BUET 2014-12-07  Circulation sectionCentral Library, BUET 638062022-11-142023-02-28
111532_560000000000000_HIN_19752014-12-07 532.56/HIN/1975General BookCentral Library, BUET 2014-12-07  Circulation sectionCentral Library, BUET 638152015-05-262015-09-14
12 532_560000000000000_HIN_19752015-03-09 532.56/HIN/1975General BookCentral Library, BUET 2015-03-09  Circulation sectionCentral Library, BUET 39158 2015-03-09
13 532_560000000000000_HIN_19752015-06-07 532.56/HIN/1975Reading ItemCentral Library, BUET 2015-06-07  Reading sectionCentral Library, BUET 58968 2015-06-07
14 532_560000000000000_HIN_19752015-06-07 532.56/HIN/1975Reading ItemCentral Library, BUET 2015-06-07  Reading sectionCentral Library, BUET 60653 2015-06-07
15 532_560000000000000_HIN_19752015-06-23 532.56/HIN/1975Reading ItemCentral Library, BUET 2015-06-23  Reading sectionCentral Library, BUET 52729 2015-06-23
161532_560000000000000_HIN_19751985-06-29 532.56 HIN/1975General BookCentral Library, BUET 2024-11-16  Circulation sectionCentral Library, BUET 638112024-11-272024-11-27
  532_560000000000000_HIN_19752024-11-16 532.56 HIN/1975General BookCentral Library, BUET 2024-11-16   Central Library, BUET   2024-11-16
18 532_560000000000000_HIN_19752025-09-03 532.56 HIN/1975General BookCentral Library, BUET 2024-11-16  Circulation sectionCentral Library, BUET 39159 2024-11-16